スプラトゥーンに登場したスペシャル - Statistics

General Stats
  • This quiz has been taken 341 times
  • The average score is 29 of 44
Answer Stats
Answer % Correct
スーパーチャクチ
87%
ダイオウイカ
83%
メガホンレーザー
82%
ナイスダマ
79%
ナイスダマ
79%
テイオウイカ
77%
スプラトゥーン3 ウルトラショット
76%
バリア
73%
スプラトゥーン2 マルチミサイル
73%
マルチミサイル
73%
ウルトラチャクチ
73%
トルネード
70%
ジェットパック
69%
ウルトラハンコ
69%
ジェットパック
69%
ウルトラハンコ
69%
アメフラシ
68%
アメフラシ
68%
サメライド
68%
スプラトゥーン スーパーショット
67%
トリプルトルネード
66%
インクアーマー
65%
キューバンボムラッシュ
64%
スーパーセンサー
63%
スプラッシュボムラッシュ
62%
クイックボムラッシュ
62%
ハイパープレッサー
62%
デコイチラシ
62%
カニタンク
61%
メガホンレーザー5.1ch
61%
グレートバリア
60%
スプラッシュボムピッチャー
59%
キューバンボムピッチャー
59%
クイックボムピッチャー
58%
エナジースタンド
58%
チェイスボムラッシュ
57%
ホップソナー
57%
ショクワンダー
56%
カーリングボムピッチャー
55%
スミナガシート
55%
イカスフィア
54%
キューインキ
54%
バブルランチャー
53%
ロボボムピッチャー
34%
No matching quizzes found
Score Distribution
Percent of People with Each Score
Percentile by Number Answered
Your Score History
You have not taken this quiz